Estudio de la movilidad ciclista en los distritos de San Francisco, Guadalupe y Quebradilla del cantón de Cartago, y los distritos de Tobosi y Tejar del cantón de El Guarco
Guardado en:
| Hovedforfatter: | |
|---|---|
| Andre forfattere: | |
| Format: | Bog |
| Sprog: | Spanish |
| Udgivet: |
[San José], Costa Rica
2016
|
| Fag: | |
| Tags: |
Tilføj Tag
Ingen Tags, Vær først til at tagge denne postø!
|
MARC
| LEADER | 00000nam a22000007a 4500 | ||
|---|---|---|---|
| 003 | 012335 | ||
| 005 | 20240111115935.0 | ||
| 008 | 160304b2016 cr ab||| |||| 00| ||spa d | ||
| 040 | |c cru CEDI | ||
| 100 | |a Torres Paniagua, Mauricio, 1990- |9 2151 | ||
| 245 | |a Estudio de la movilidad ciclista en los distritos de San Francisco, Guadalupe y Quebradilla del cantón de Cartago, y los distritos de Tobosi y Tejar del cantón de El Guarco | ||
| 260 | |a [San José], Costa Rica |c 2016 | ||
| 300 | |a xx,211 h;ilustraciones(algunas a color), mapas | ||
| 500 | |a Proyecto de graduación (licenciatura en ingeniería civil)--Universidad de Costa Rica. Facultad de Ingeniería. Escuela de Ingeniería Civil. | ||
| 501 | |a Director de Proyecto de Graduación Ing. Henry Hernández Vega, MSc. | ||
| 650 | |x BICICLETAS |x TRANSPORTE |x TOMA DE DECISIONES |x CICLOVÍAS |x SAN FRANCISCO (CARTAGO, COSTA RICA) |x GUADALUPE (CARTAGO, COSTA RICA) |x QUEBRADILLA (CARTAGO, COSTA RICA) |x TOBOSI (EL GUARCO, CARTAGO, COSTA RICA) |x TEJAR (EL GUARCO, CARTAGO, COSTA RICA) |9 3379 | ||
| 700 | |9 247 |a Hernández Vega, Henry, 1979- |d Director del TFG | ||
| 942 | |c TFG |h TFG 7499 |i 012335 |6 TFG_7499_012335000000000 | ||
| 999 | |c 16182 |d 16182 | ||
